000 00675nam a2200205 i 4500
001 97173
003 ES-MaACL
005 20230906182043.0
007 t|
008 050707s1948 it ||||1| spa d
100 1 _aManzoni, Alessandro.
_976238
245 1 0 _aTraducciones españolas del "Cinco de Mayo" /
_cde Alejandro Manzoni; recogidas por Mario Gasparini.
260 _aRoma :
_bEdizioni di Storia e Letteratura,
_c1948.
300 _a170 p., 5 lám. ;
_c20 cm.
490 1 _aLetture di pensiero e d'arte
700 1 _aGasparini, Mario.
_955892
830 0 _aLetture di pensiero e d'arte
_9184408
852 _aES-MaACL
_jC-5646
_bR.26279
999 _c97173
_d97173